000 00151 a2200073 4500
020 _a9780869808535
082 _2LIT LYST
_aF
_b1
245 _aTHE NKOSI FAMILY
999 _c799662
_d799661
942 _w438
_xLucy Nkosi
_y438
_zLucy Nkosi